Paola Marrati, Gilles Deleuze, cinéma et philosophie, Paris, PUF, 2003, coll. « Philosophies », 126 p. (notice n° 1657183)

détails MARC
000 -LEADER
fixed length control field 01170cam a2200169 4500500
005 - DATE AND TIME OF LATEST TRANSACTION
control field 20260208010554.0
041 ## - LANGUAGE CODE
Language code of text/sound track or separate title fre
042 ## - AUTHENTICATION CODE
Authentication code dc
100 10 - MAIN ENTRY--PERSONAL NAME
Personal name Leclercq, Stéfan
Relator term author
245 00 - TITLE STATEMENT
Title Paola Marrati, Gilles Deleuze, cinéma et philosophie, Paris, PUF, 2003, coll. « Philosophies », 126 p.
260 ## - PUBLICATION, DISTRIBUTION, ETC.
Date of publication, distribution, etc. 2005.<br/>
500 ## - GENERAL NOTE
General note 34
520 ## - SUMMARY, ETC.
Summary, etc. Lettres inédites de Théodule Ribot à Henri Piéron Édition et présentation des lettres (1902-1916) du psychologue fondateur de la Revue philosophique, Théodule Ribot, au jeune Henri Piéron, qui deviendra par la suite une figure centrale de la psychologie scientifique française.
520 ## - SUMMARY, ETC.
Summary, etc. Unpublished letters from Théodule Ribot to Henri Piéron Edition and presentation of the letters (1902-1916) of Théodule Ribot, the psychologist founder of the Revue philosophique, to the young Henri Piéron, who will later become a central figure of French scientific psychology.
786 0# - DATA SOURCE ENTRY
Note Revue philosophique de la France et de l'étranger | 130 | 3 | 2005-09-01 | p. 357zg-432zg | 0035-3833
856 41 - ELECTRONIC LOCATION AND ACCESS
Uniform Resource Identifier <a href="https://shs.cairn.info/revue-philosophique-2005-3-page-357zg?lang=fr&redirect-ssocas=7080">https://shs.cairn.info/revue-philosophique-2005-3-page-357zg?lang=fr&redirect-ssocas=7080</a>

Pas d'exemplaire disponible.

PLUDOC

PLUDOC est la plateforme unique et centralisée de gestion des bibliothèques physiques et numériques de Guinée administré par le CEDUST. Elle est la plus grande base de données de ressources documentaires pour les Étudiants, Enseignants chercheurs et Chercheurs de Guinée.

Adresse

627 919 101/664 919 101

25 boulevard du commerce
Kaloum, Conakry, Guinée

Réseaux sociaux

Powered by Netsen Group @ 2025